Information technology for management / (Record no. 11510)

000 -LEADER
fixed length control field 00574nam a2200193 a 4500
020 ## - INTERNATIONAL STANDARD BOOK NUMBER
ISBN 0070390614
040 ## - CATALOGING SOURCE
Transcribing agency DLC
082 00 - DEWEY DECIMAL CLASSIFICATION NUMBER
Classification number 658 MCG 1997 A037 Or.
100 1# - MAIN ENTRY--AUTHOR NAME
Personal name Lucas, Henry C.
245 10 - TITLE STATEMENT
Title Information technology for management /
250 ## - EDITION STATEMENT
Edition statement 6th ed.
260 ## - PUBLICATION, DISTRIBUTION, ETC. (IMPRINT)
Place of publication New York :
Name of publisher McGraw-Hill,
Year of publication c1997.
300 ## - PHYSICAL DESCRIPTION
Number of Pages xix, 714 p. :
Other physical details ill. ;
Dimensions 24 cm.
500 ## - GENERAL NOTE
General note Rev. ed. of: Information systems concepts for management. 5th ed. c1994.
650 #0 - SUBJECT ADDED ENTRY--TOPICAL TERM
Topical Term Management information systems.
650 #0 - SUBJECT ADDED ENTRY--TOPICAL TERM
Topical Term Information technology
700 1# - ADDED ENTRY--PERSONAL NAME
Personal name Lucas, Henry C.
942 ## - ADDED ENTRY ELEMENTS (KOHA)
Koha item type សៀវភៅភាសាអង់គ្លេស
952 ## - LOCATION AND ITEM INFORMATION (KOHA)
Withdrawn status [LOCAL, KOHA] 0
Holdings
Permanent Location Date acquired Koha item type Lost status Shelving location Barcode Current Location Full call number
Library Block A2017-08-03សៀវភៅភាសាអង់គ្លេស A037A13073Library Block A658 MCG 1997 A037 Or.
មជ្ឈមណ្ឌលឯការនៃសាកលវិទ្យាល័យភូមិន្ទកសិកម្មចំការដូង

Powered by Koha